| 000 | 00548nam a2200241Ia 4500 | ||
|---|---|---|---|
| 001 | 105618 | ||
| 003 | YMCAF | ||
| 005 | 20230512162236.0 | ||
| 008 | 100717s2009 ||||||||||||||||| ||und|d | ||
| 024 | _a105618 | ||
| 035 | _aMB953 | ||
| 040 |
_aYMCAF _beng _cIN-KoLT |
||
| 041 | _aeng | ||
| 082 |
_a658.8 _bCHO |
||
| 100 | _aChowdhary, Nimit | ||
| 245 | 0 | _aTextbook of marketing of services | |
| 260 |
_bMacmillan _c2009 |
||
| 300 | _a445 | ||
| 653 | _aMANAGEMENT | ||
| 653 | _aMarketing | ||
| 700 | _aChowdhary, Monika | ||
| 942 |
_2ddc _cBK |
||
| 999 |
_c10976 _d10976 |
||